| 000 | 00549cam a2200205 i 4500 | ||
|---|---|---|---|
| 001 | 882696 | ||
| 005 | 20180308094132.0 | ||
| 008 | 800815r1982 flua 001 0 eng | ||
| 010 | _a 80023595 | ||
| 020 | _a0898742730 | ||
| 040 |
_aDLC _cDLC _dDLC _dOCoLC _dDLC |
||
| 041 | _aeng | ||
| 080 | _a620..00425 GRE | ||
| 082 | 0 | 0 |
_a620..00425 GRE _219 |
| 100 | 1 | _a27 | |
| 101 | _aMEC | ||
| 245 | 1 | 0 |
_aProduct engineering design manual / _cedited by Douglas C. Greenwood. |
| 906 |
_a7 _bcbc _corignew _du _eocip _f19 _gy-gencatlg |
||
| 942 |
_2ddc _cBK |
||
| 999 |
_c44518 _d44518 |
||